000 00203 a2200097 4500
001 45840
100 _aPurnell
245 _aWhat can I do to day
260 _aLondon
_bPurnell
_c
090 _c28951
_d28951
942 _aNUST-CAE
_cM
_c21059
999 _c280913
_d280913